00567nam a22001817a 450000500170000001000150001702000260003203500140005803700090007208200110008110000170009224500640010925000060017326000570017927000890023630000330032570000270035820250611110025.0 aENG-145277 c385.00a9789354497483 aEN-128809 bDBAD a372.82 aJain, Shikha aGender, School and Society/cShikha Jain [and] Seema Sarohe a1 aUttar PradeshbPearson India Education Pvt Ltdc2022 bUttar Pradesha1st FLoor, Berger Tower, Plot No. C-001A/2, Sector-16B, Noidae201301 axxii, 314p.c23cm(pb)bIndex aSarohe, Seema eAuthor